Spider-Man's Enemies - Statistics

General Stats
  • This quiz has been taken 422 times
  • The average score is 18 of 37
Answer Stats
Hint Answer % Correct
Gr Green Goblin
93%
Rh Rhino
93%
Ve Venom
92%
El Electro
90%
Vu Vulture
85%
Do Doctor Octopus
84%
Sa Sandman
83%
Ca Carnage
78%
Kr Kraven the Hunter
77%
Li Lizard
76%
My Mysterio
72%
Sc Scorpion
72%
Ho Hobgoblin
71%
Sh Shocker
69%
Ki Kingpin
68%
Hy Hydro-Man
63%
Ch Chameleon
61%
Ja Jackal
54%
To Tombstone
42%
Mo Morbius
40%
Ha Hammerhead
38%
Be Beetle
37%
Mo Molten Man
34%
Ti Tinkerer
29%
Pu Puma
25%
Si Silverman
25%
Mi Mister Negative
23%
Al Alistair Smythe
19%
Bo Boomerang
19%
Mo Morlun
19%
Ka Kaine
18%
Sw Swarm
18%
Sp Spot
17%
Ma Man-Wolf
14%
Bu Burglar
13%
Sp Spencer Smythe
13%
Fu Fusion
11%
No matching quizzes found
Score Distribution
Percent of People with Each Score
Percentile by Number Answered
Your Score History
You have not taken this quiz